000 00322nam a22001337a 4500
008 170526b xxu||||| |||| 00| 0 eng d
020 _a3211813071
041 _aeng
080 _a62
100 _a25
101 _aIM
245 _aHANDBUCH DES OSTERREICHISCHEN INTERNATIONALEN PRIVATRECHTS
_cSCHWING,F
942 _2udc
_cBK
999 _c14578
_d14578